00242nam a2200097Ia 4500001000800000005001700008008004100025020001800066245004000084260002000124126119620260417140347.0260417s9999 xx 000 0 und d a9789752124165 0aÖrümcek AğıcAgatha Christie bAltın Kitaplar